Normal view
MARC view
- Conrado Adolfo
Entry Personal Name
001 - CONTROL NUMBER
- control field: 5546
003 - CONTROL NUMBER IDENTIFIER
- control field: IT-RoPau
005 - DATE AND TIME OF LATEST TRANSACTION
- control field: 20131216153116.0
008 - FIXED-LENGTH DATA ELEMENTS
- fixed length control field: 131216|| aca||aabn | a|a d
040 ## - CATALOGING SOURCE
- Original cataloging agency: IT-RoPau
- Transcribing agency: IT-RoPau
100 ## - HEADING--PERSONAL NAME
- Personal name: Conrado Adolfo
- Miscellaneous information: Codice autore SPICS: 843
- Relator term: Autore
- Name of part/section of a work: Lungara - Notte balorda - L'ammucchiata
670 ## - SOURCE DATA FOUND
- Source citation: Work cat.: (IT-RoPau)102243: Zero Renato 5540, Artide Antartide (Lp doppio Pl 31611/12)